Escolios a un texto implc̕ito (Registro nro. 6652)
[ vista simple ]
| 000 -LEADER | |
|---|---|
| fixed length control field | 01620nam a2200397Ia 4500 |
| 003 - CONTROL NUMBER IDENTIFIER | |
| control field | OSt |
| 005 - DATE AND TIME OF LATEST TRANSACTION | |
| control field | 20200313163854.0 |
| 008 - FIXED-LENGTH DATA ELEMENTS--GENERAL INFORMATION | |
| fixed length control field | 130821s2005 ck gr spa |
| 020 ## - INTERNATIONAL STANDARD BOOK NUMBER | |
| International Standard Book Number | 958815670X |
| Terms of availability | Obra Completa |
| 020 ## - INTERNATIONAL STANDARD BOOK NUMBER | |
| International Standard Book Number | 9588156726 |
| Terms of availability | v.3 |
| 020 ## - INTERNATIONAL STANDARD BOOK NUMBER | |
| International Standard Book Number | 9588156726 |
| Terms of availability | v.5 |
| 020 ## - INTERNATIONAL STANDARD BOOK NUMBER | |
| International Standard Book Number | 9588156734 |
| Terms of availability | v.4 |
| 020 ## - INTERNATIONAL STANDARD BOOK NUMBER | |
| International Standard Book Number | 9588156750 |
| Terms of availability | v.6 |
| 020 ## - INTERNATIONAL STANDARD BOOK NUMBER | |
| International Standard Book Number | 9588156769 |
| Terms of availability | v.1 |
| 020 ## - INTERNATIONAL STANDARD BOOK NUMBER | |
| International Standard Book Number | 9588156769 |
| Terms of availability | v.2 |
| 040 ## - CATALOGING SOURCE | |
| Original cataloging agency | Co-BoUCM |
| Language of cataloging | spa |
| Transcribing agency | CO-JMCR |
| 041 00 - LANGUAGE CODE | |
| Language code of text/sound track or separate title | spa |
| 082 04 - DEWEY DECIMAL CLASSIFICATION NUMBER | |
| Classification number | 398.9861 / |
| Item number | G569e |
| 100 1# - MAIN ENTRY--PERSONAL NAME | |
| Personal name | Gómez Dávila, Nicolás, |
| Relator term | autor |
| 9 (RLIN) | 1525 |
| 245 10 - TITLE STATEMENT | |
| Title | Escolios a un texto implc̕ito |
| Statement of responsibility, etc. | Nicols̀ Gm̤ez Dv̀ila |
| 260 ## - PUBLICATION, DISTRIBUTION, ETC. | |
| Place of publication, distribution, etc. | Bogot (̀Colombia) |
| Name of publisher, distributor, etc. | Villegas Editores |
| Date of publication, distribution, etc. | 2005 |
| 300 ## - PHYSICAL DESCRIPTION | |
| Extent | 6 volumenes |
| 505 ## - FORMATTED CONTENTS NOTE | |
| Formatted contents note | v.1: El solitario de Dios. -- v.2: Escolios a un texto implícito. Tomo I. -- v.3: Escolios a un texto implícito. Tomo II. -- v.4: Nuevos Escolios a un texto implícito. Tomo I. -- v.5: Nuevos Escolios a un texto implícito. Tomo II. -- v.6: Sucesivos Escolios a un texto implícito. |
| 600 ## - SUBJECT ADDED ENTRY--PERSONAL NAME | |
| Personal name | Gómez Dávila, Nicolás, |
| Dates associated with a name | 1914-1994 |
| Form subdivision | Biografía |
| 9 (RLIN) | 1526 |
| 600 ## - SUBJECT ADDED ENTRY--PERSONAL NAME | |
| Personal name | Gómez Dávila, Nicolás, |
| Dates associated with a name | 1914-1994 |
| Form subdivision | Citas, máximas, etc. |
| 9 (RLIN) | 1527 |
| 650 04 - SUBJECT ADDED ENTRY--TOPICAL TERM | |
| Topical term or geographic name entry element | Aforismos y apotegmas |
| 9 (RLIN) | 8669 |
| 650 04 - SUBJECT ADDED ENTRY--TOPICAL TERM | |
| Topical term or geographic name entry element | Folclor |
| 9 (RLIN) | 7632 |
| 700 1# - ADDED ENTRY--PERSONAL NAME | |
| Personal name | Volpi, Franco |
| 9 (RLIN) | 1502 |
| 740 02 - ADDED ENTRY--UNCONTROLLED RELATED/ANALYTICAL TITLE | |
| Uncontrolled related/analytical title | Escolios a un texto implícito. Tomo I. |
| 740 02 - ADDED ENTRY--UNCONTROLLED RELATED/ANALYTICAL TITLE | |
| Uncontrolled related/analytical title | Escolios a un texto implícito. Tomo II. |
| 740 02 - ADDED ENTRY--UNCONTROLLED RELATED/ANALYTICAL TITLE | |
| Uncontrolled related/analytical title | Nuevos Escolios a un texto implc̕ito. Tomo I. |
| 740 02 - ADDED ENTRY--UNCONTROLLED RELATED/ANALYTICAL TITLE | |
| Uncontrolled related/analytical title | Nuevos Escolios a un texto implícito. Tomo II. |
| 740 02 - ADDED ENTRY--UNCONTROLLED RELATED/ANALYTICAL TITLE | |
| Uncontrolled related/analytical title | Sucesivos Escolios a un texto implícito. |
| 740 32 - ADDED ENTRY--UNCONTROLLED RELATED/ANALYTICAL TITLE | |
| Uncontrolled related/analytical title | El solitario de Dios. |
| 942 ## - ADDED ENTRY ELEMENTS (KOHA) | |
| Koha item type | Books |
| Source of classification or shelving scheme | Dewey Decimal Classification |
| Withdrawn status | Lost status | Source of classification or shelving scheme | Damaged status | Not for loan | Home library | Current library | Shelving location | Date acquired | Source of acquisition | Cost, normal purchase price | Total Checkouts | Full call number | Barcode | Date last seen | Copy number | Price effective from | Koha item type | Total Renewals | Date last checked out |
|---|---|---|---|---|---|---|---|---|---|---|---|---|---|---|---|---|---|---|---|
| Dewey Decimal Classification | Biblioteca Pública José María del Castillo y Rada | Biblioteca Pública José María del Castillo y Rada | Processing Center | 12/19/2019 | Donación | 0.00 | 398.9861 / G569e | 430013348 | 05/16/2024 | v.1 / Ej.1 | 03/13/2020 | Books | |||||||
| Dewey Decimal Classification | Biblioteca Pública José María del Castillo y Rada | Biblioteca Pública José María del Castillo y Rada | Processing Center | 12/19/2019 | Donación | 0.00 | 1 | 398.9861 / G569e | 430013349 | 05/16/2024 | V.2 / T.1 / Ej.1 | 03/13/2020 | Books | 2 | 02/26/2024 | ||||
| Dewey Decimal Classification | Biblioteca Pública José María del Castillo y Rada | Biblioteca Pública José María del Castillo y Rada | Processing Center | 12/19/2019 | Donación | 0.00 | 398.9861 / G569e | 430013356 | 05/16/2024 | V.3 / T.2 / Ej.1 | 03/13/2020 | Books | |||||||
| Dewey Decimal Classification | Biblioteca Pública José María del Castillo y Rada | Biblioteca Pública José María del Castillo y Rada | Processing Center | 12/19/2019 | Donación | 0.00 | 3 | 398.9861 / G569e | 430013357 | 09/24/2024 | V.4 / T.1 / Ej.1 | 03/13/2020 | Books | 2 | 09/23/2024 | ||||
| Dewey Decimal Classification | Biblioteca Pública José María del Castillo y Rada | Biblioteca Pública José María del Castillo y Rada | Processing Center | 12/19/2019 | Donación | 0.00 | 398.9861 / G569e | 430013358 | 05/16/2024 | V.5 / T.2 / Ej.1 | 03/13/2020 | Books | |||||||
| Dewey Decimal Classification | Biblioteca Pública José María del Castillo y Rada | Biblioteca Pública José María del Castillo y Rada | Processing Center | 12/19/2019 | Donación | 0.00 | 1 | 398.9861 / G569e | 430013359 | 07/07/2025 | V.6 / Ej.1 | 03/13/2020 | Books | 07/04/2025 |